Science Quiz

Random Science or Elements Quiz

Can You Spell Your Elements? Quiz Stats

 Plays Quiz Updated Apr 1, 2018

Score 0/10 Timer 00:30
6 Plays Today
Element Beginning Element Ending % Correct
????
100%
????
98.4%
????
98%
????
96.9%
????
95.3%
????
94.3%
????
92.8%
????
91.2%
????
89.7%
????
59%

You're not logged in!

Compare scores with friends on all Sporcle quizzes.
OR
Log In

You Might Also Like...

Show Comments

Extras

Top Quizzes Today


Score Distribution

Your Account Isn't Verified!

In order to create a playlist on Sporcle, you need to verify the email address you used during registration. Go to your Sporcle Settings to finish the process.

Report this User

Report this user for behavior that violates our Community Guidelines.

Details: